01341nam a22002657a 450000500170000000800410001702000180005804000070007604100120008308200180009510000270011324500410014025000070018126000410018830000240022936500620025352006420031565000110095765000120096865000150098065000200099570000180101570000190103370000230105220250612155114.0230127b ||||| |||| 00| 0 eng d a9781538142370 cAL aEnglish 223a175bWILM aLee Wilkins and others aMedia Ethics: Issues and Cases Ed 10 a10 aLanhambRowman and Littlefieldc2022 a386p.bPBc23x15 cm aVBI-1673b₹5451.00c$85.00d₹7267.50e25%f19-12-2022 aThe tenth edition of this authoritative book focuses on the most pressing media ethics issues, including coverage of the 2020 pandemic and election. Enabling students to make ethical decisions in an increasingly complex environment, the book focuses on practical ethical theory for use across the media curriculum. Lee Wilkins is Distinguished Curator’s Teaching Professor and professor emeritus in the School of Journalism at the University of Missouri. Chad Painter is assistant professor of communication at the University of Dayton. Philip Patterson is distinguished professor of mass communication at Oklahoma Christian University aEthics aprivacy aMass Media aMedia economics aWILKINS (Lee) aPAINTER (Chad) aPATTERSON (Philip)